| 000 | 00431nam a2200205Ia 4500 | ||
|---|---|---|---|
| 001 | 14320 | ||
| 003 | GE_BSU | ||
| 008 | 181216s||||||||xx |||||||||||||| ||und|| | ||
| 020 | _a1841119509X | ||
| 040 | _cGE_BSU | ||
| 080 | _a821.111-3 | ||
| 100 | _aRipley,Mike | ||
| 245 | _aFamily of Angels | ||
| 260 | _aLondon | ||
| 260 | _bRobinson | ||
| 260 | _c2002 | ||
| 300 | _a252p.20cm. | ||
| 653 | _aFamily of Angels | ||
| 942 | _cBK | ||
| 999 |
_c47456 _d47456 |
||